Statistics for World of Warcraft Eastern Kingdoms

Click here to take the quiz!

General Stats

  • This quiz has been taken 39 times
    (38 since last reset)
  • The average score is 25 of 41

Answer Stats

Zone/Kingdom/City% Correct
Eastern Plaguelands
87%
Western Plaguelands
87%
Elwynn Forest
84%
Northern Stranglethorn
84%
Redridge Mountains
84%
Stranglethorn Vale
84%
The Cape of Stranglethorn
84%
Arathi Highlands
77%
Badlands
77%
Loch Modan
77%
Stormwind City
77%
Westfall
77%
Duskwood
74%
Ghostlands
74%
Silverpine Forest
74%
Undercity
74%
Wetlands
74%
Burning Steppes
71%
Hillsbrad Foothills
71%
Ironforge
71%
Gilneas
68%
Gilneas City
68%
Silvermoon City
61%
Swamp of Sorrows
61%
The Hinterlands
61%
Alterac Mountains
58%
Blasted Lands
58%
Dun Morogh
58%
Eversong Woods
55%
Searing Gorge
55%
Deadwind Pass
52%
Twilight Highlands
52%
Tirisfall Glades
48%
Isle of Quel'Danas
39%
Tol Barad
26%
Tol Barad Peninsula
26%
Vashj'ir
26%
Plaguelands: The Scarlet Enclave
23%
Kelp'thar Forest
3%
Abyssal Depths
0%
Shimmering Expanse
0%

Score Distribution

Percentile by Number Answered

Percent of People with Each Score

Your Score History

You have not taken this quiz since the last reset